02722nam a2200265 a 4500003000400000005001700004007001500021008004100036040000800077100003300085245020100118264004300319300006000362336002700422337002900449338003900478502003400517504005900551520163800610650003002248650003202278650002602310700004702336856007302383OSt20251111110911.0cr ||||||a|c|a240213s2020 mx a|||fom||| 001 0 spa d erda1 aVélez Labrada, José Luis10aCaracterización genética para proteínas de la leche, reproducción y estrés calórico en bovinos de Regiones Tropicales de México /cpor José Luis Vélez Labrada; director de tesis  1aChapingo, México :bEl autor,c2020. a1 recurso en línea (61 páginas):bcuadros, figuras. 2rdacontentatextobtxt 2rdamediaacomputadorabc 2rdacarrierarecurso en líneabcr bIAEZcZootecníad2020.gLIC aIncluye referencias bibliográficas: páginas 38-50. aSe analizaron cuatro poblaciones de bovinos (CLT, Gyr, Gyr-holando y Guzerat) para los loci αS1-caseína, αS2-caseína, β-caseína, κ-caseína, α-lactoalbumina, βlactoglobulina, DGAT1, SCD1, FSHR y HSP. Se extrajo ADN de pelo y semen congelado de 1145 animales. Se detectaron polimorfismos con secuencias SNP, mediante PCR tiempo real. El alelo A para αS1-caseína estuvo presente solo en CLT (0.24), siendo el alelo C dominante para el resto de las poblaciones (0.670.92). Para αS2-caseína el alelo con más frecuencia en las cuatro poblaciones fue A (CLT 0.56; Gyr 0.996; Gyr-holando 1.0; Guzerat 1.0). En β- caseína la variante A2 tuvo mayor frecuencia en CLT 0.62; Gyr 0.93; Gyr-holando 0.85; Guzerat 0.92. En el locus κ-caseína el alelo A fue domínate (Gyr 0.94; Gyr- holando 0.80; Guzerat 0.92), exceptuando la población CLT (B; 0.54). Para α- lactoalbumina y βlactoglobulina, la variante B dominó en las cuatro poblaciones. En los loci DGAT1 y SCD1 el alelo A tuvo mayor frecuencia en los cuatro grupos raciales. Las poblaciones de estudio presentan genotipos que sugieren fertilidad alta, referente al loci FSHR además los bovinos CLT poseen tolerancia a condiciones adversas al tener HSP especializadas. Las poblaciones CLT y Gyr tuvieron comportamiento polimórfico en todos los loci de este estudio. K-caseína, SCD1 y FSHR-V5 están en equilibrio Hardy-Weinberg en CLT, contrastando con las otras tres razas. Las poblaciones de este estudio presentan recursos genéticos de importancia económica y zootécnica, por ello, pueden ser una herramienta útil en esquemas de cruzamiento. 4aGanado vacunoxGenética 4aGanado vacunoxMejoramiento 4aGanado vacunoxCruzas1 aAlarcón Zúñiga, Baldomeroedirector. uhttp://10.13.5.2/tesis/tl/Velez_Labrada_Jose_Luis.pdfzDESCARGAR PDF